00543nai a2200157Ia 4500003000900000008004100009022002200050022002300072040001600095245004900111260003400160310001200194362002600206521006900232856008400301IN-BaIIA211028c9999 xx s 000 0 eng d a0360-4012 (Print) a1097-4547 (Online) cIIA Library 0aJournal Of Neuroscience Researchh[eJournal] aNew JerseybJohn Wiley & Sons aMonthly a43(1); 1996 - Present bSubscribed through National Knowledge Resource Consortium (NKRC) uhttps://onlinelibrary.wiley.com/journal/10974547yClick Here to Access eJournal